[Event "Romania rapid online op final"]
[Site "Chess.com INT"]
[Date "2020.05.01"]
[Round "5"]
[White "Stefan, Mihai"]
[Black "Gheorghiu, Alexandru Dan"]
[Result "0-1"]
[WhiteElo "2059"]
[BlackElo "1871"]
[PlyCount "72"]
[EventDate "2020.05.01"]
[EventType "swiss (rapid)"]
[EventRounds "7"]
[EventCountry "ROU"]
[SourceTitle "CBM 196 Extra"]
[Source "ChessBase"]
[SourceDate "2020.07.31"]
[SourceVersion "1"]
[SourceVersionDate "2020.07.31"]
[SourceQuality "1"]

1. Nf3 d5 2. c4 c6 3. d4 Nf6 4. Qc2 g6 5. e3 Bg7 6. Bd3 a6 7. Ne5 0-0 8. 0-0 Nbd7 9. f4 dxc4 10. Bxc4 c5 11. Qb3 Nxe5 12. fxe5 b5 13. exf6 bxc4 14. Qxc4 Bxf6 15. Qxc5 Bb7 16. Nc3 Rc8 17. Qb4 Qc7 18. Bd2 Bg7 19. d5 Rfd8 20. e4 Be5 21. h3 a5 22. Qa4 Ba6 23. Rf2 Qb6 24. Qb3 Bd4 25. Be1 Rb8 26. Qxb6 Rxb6 27. Na4 Rf6 28. Rd1 Be3 29. g3 Rc8 30. Nc3 Rb8 31. b3 Bc8 32. Kg2 Bxf2 33. Bxf2 Bxh3+ 34. Kg1 Rf3 35. Ne2 Bg4 36. Nf4 Rxf2 0-1

[Event "ROM-ch U18"]
[Site "Calimanesti Caciulata"]
[Date "2019.04.17"]
[Round "4"]
[White "Stefan, Mihai"]
[Black "Talu, Mircea"]
[Result "1/2-1/2"]
[WhiteElo "2111"]
[BlackElo "2254"]
[PlyCount "180"]
[EventDate "2019.04.15"]
[EventType "swiss"]
[EventRounds "9"]
[EventCountry "ROU"]
[SourceTitle "CBM 190 Extra"]
[Source "ChessBase"]
[SourceDate "2019.07.15"]
[SourceVersion "1"]
[SourceVersionDate "2019.07.15"]
[SourceQuality "1"]

1. Nf3 Nf6 2. c4 e6 3. g3 d5 4. Bg2 Be7 5. 0-0 0-0 6. d4 dxc4 7. Ne5 Nc6 8. Nxc6 bxc6 9. Na3 Bxa3 10. bxa3 Rb8 11. e3 Rb6 12. a4 Nd5 13. Ba3 Re8 14. Bc5 Ra6 15. Qc2 Nb6 16. Bxc6 Bd7 17. Bb5 Rxa4 18. Bxa4 Bxa4 19. Qc3 Qd5 20. f3 f5 21. Rac1 Bc6 22. Rf2 Bb5 23. Qb4 Qd7 24. Rb1 a6 25. e4 Na4 26. Rc1 Rd8 27. exf5 exf5 28. Re1 Re8 29. Rfe2 Rxe2 30. Rxe2 h6 31. Kg2 c3 32. Re7 Qd5 33. Qb3 Qxb3 34. axb3 Nxc5 35. dxc5 c2 36. Re1 Be2 37. Ra1 Kf7 38. Kf2 Bd1 39. Ke3 Ke6 40. Rxa6+ Kd5 41. Kd2 c6 42. Ra7 g5 43. Rf7 Ke5 44. b4 Bxf3 45. Kxc2 Kd4 46. Kb2 Be4 47. Rf6 h5 48. b5 Kxc5 49. bxc6 Kb6 50. Kc3 f4 51. gxf4 gxf4 52. Kd4 Bxc6 53. Rh6 Kc7 54. Rxh5 Kd7 55. Rf5 Ke6 56. Rxf4 Be8 57. Ke4 Bg6+ 58. Kf3 Bf5 59. Kg3 Kf6 60. Kh4 Kg6 61. Rb4 Kh6 62. Rb6+ Bg6 63. Ra6 Kg7 64. Kg5 Be4 65. Ra7+ Kg8 66. Kh6 Bd3 67. Ra8+ Kf7 68. Ra3 Be4 69. Rg3 Bc2 70. h4 Be4 71. h5 Bc2 72. Rg6 Bd1 73. Rg7+ Kf8 74. Rd7 Bc2 75. Rc7 Bd3 76. Kg5 Kg8 77. Rc3 Be4 78. Re3 Bc2 79. h6 Kh7 80. Re7+ Kg8 81. Kf6 Bd3 82. Rd7 Bc2 83. Rd2 Be4 84. Rd4 Bc2 85. Rg4+ Kh7 86. Rg7+ Kh8 87. Kg5 Bd3 88. Rd7 Bc2 89. h7 Bxh7 90. Rxh7+ Kxh7 1/2-1/2

[Event "ROM-ch U18"]
[Site "Calimanesti Caciulata"]
[Date "2019.04.17"]
[Round "3"]
[White "Stoleriu, George"]
[Black "Stefan, Mihai"]
[Result "1/2-1/2"]
[WhiteElo "2368"]
[BlackElo "2111"]
[PlyCount "40"]
[EventDate "2019.04.15"]
[EventType "swiss"]
[EventRounds "9"]
[EventCountry "ROU"]
[SourceTitle "CBM 190 Extra"]
[Source "ChessBase"]
[SourceDate "2019.07.15"]
[SourceVersion "1"]
[SourceVersionDate "2019.07.15"]
[SourceQuality "1"]

1. Nf3 d5 2. c4 e6 3. b3 Nf6 4. Bb2 Be7 5. g3 0-0 6. Bg2 c5 7. cxd5 exd5 8. d4 Ne4 9. 0-0 Nc6 10. a3 Bf6 11. Ra2 Be6 12. dxc5 Nxc5 13. Bxf6 Qxf6 14. Rc2 Ne4 15. Qc1 Rad8 16. b4 a6 17. Nbd2 Rfe8 18. Nb3 d4 19. Nc5 Nxc5 20. Rxc5 Bd5 1/2-1/2

[Event "ROM-chT U16"]
[Site "Iasi"]
[Date "2018.07.17"]
[Round "6.2"]
[White "Stefan, Mihai"]
[Black "Bonciu, David"]
[Result "1-0"]
[WhiteElo "1971"]
[BlackElo "1860"]
[PlyCount "92"]
[EventDate "2018.07.13"]
[EventType "team-swiss"]
[EventRounds "7"]
[EventCountry "ROU"]
[SourceTitle "EXT 2020"]
[Source "ChessBase"]
[SourceDate "2019.10.17"]
[SourceVersion "1"]
[SourceVersionDate "2019.10.17"]
[SourceQuality "1"]
[WhiteTeam "Ploiesti CC"]
[BlackTeam "Constanta Palatul Copiilor"]
[WhiteTeamCountry "ROU"]
[BlackTeamCountry "ROU"]

1. e4 c5 2. c3 d5 3. exd5 Qxd5 4. d4 Nc6 5. Nf3 Bf5 6. Be3 Nf6 7. Nbd2 cxd4 8. Bc4 dxe3 9. Bxd5 exd2+ 10. Qxd2 0-0-0 11. Be6+ Bxe6 12. Qe2 Bf5 13. Rd1 Rxd1+ 14. Qxd1 e6 15. 0-0 Bc5 16. b4 Rd8 17. Qa4 Bb6 18. c4 Kb8 19. c5 Bc7 20. b5 Ne7 21. Qb3 Rd3 22. Qb2 Ned5 23. c6 Rc3 24. Rc1 Rxc1+ 25. Qxc1 Ne4 26. cxb7 Ndc3 27. Qa3 Nxb5 28. Qa6 Nec3 29. a4 Ne2+ 30. Kf1 Nbd4 31. Nxd4 Nxd4 32. Qc4 e5 33. Qxf7 Kxb7 34. Qxg7 Ne6 35. Qf7 Bd3+ 36. Ke1 Nd4 37. Qd5+ Ka6 38. f4 Nc2+ 39. Kd2 Ba5+ 40. Kc1 e4 41. f5 Bb4 42. Kb2 Ne3 43. Qc6+ Ka5 44. Qc7+ Ka6 45. f6 Nd1+ 46. Kb3 Bf8 1-0

[Event "ROM-chT U16"]
[Site "Iasi"]
[Date "2018.07.16"]
[Round "5.2"]
[White "Stefan, Mihai"]
[Black "Chipaila, Cristian Florin"]
[Result "1-0"]
[WhiteElo "1971"]
[BlackElo "1413"]
[PlyCount "99"]
[EventDate "2018.07.13"]
[EventType "team-swiss"]
[EventRounds "7"]
[EventCountry "ROU"]
[SourceTitle "EXT 2019"]
[Source "ChessBase"]
[SourceDate "2018.10.10"]
[SourceVersion "1"]
[SourceVersionDate "2018.10.10"]
[SourceQuality "1"]
[WhiteTeam "Ploiesti CC"]
[BlackTeam "Galati CC II"]
[WhiteTeamCountry "ROU"]
[BlackTeamCountry "ROU"]

1. Nf3 d5 2. c4 e6 3. g3 Nf6 4. Bg2 Bd6 5. d4 0-0 6. Qc2 Nbd7 7. 0-0 b6 8. Nbd2 Bb7 9. b3 c5 10. Ba3 Qe7 11. Rac1 Rfc8 12. Qb1 Rc7 13. Bb2 Rac8 14. Qa1 Qd8 15. Ne5 cxd4 16. Nxd7 Qxd7 17. Bxd4 Be7 18. Be5 Rc6 19. Rfd1 Ne8 20. Nf3 f6 21. Bb2 R6c7 22. e4 Rd8 23. cxd5 Rxc1 24. Qxc1 Qc8 25. Qxc8 Rxc8 26. Nd4 exd5 27. exd5 a6 28. Nc6 Bd6 29. Bd4 b5 30. Bh3 Rc7 31. Bb6 Rxc6 32. dxc6 Bxc6 33. Bg2 Bxg2 34. Kxg2 Kf8 35. Kf3 Ke7 36. Ke4 Ke6 37. f4 Nc7 38. Bxc7 Bxc7 39. f5+ Ke7 40. a4 bxa4 41. bxa4 a5 42. Rd5 Bb6 43. Kd3 Bg1 44. h3 Bh2 45. g4 Bc7 46. Kc4 Bb6 47. Kb5 Bc7 48. Kc6 Bd8 49. Rd7+ Ke8 50. Rxg7 1-0

[Event "ROM-ch U16"]
[Site "Calimanesti"]
[Date "2018.04.02"]
[Round "8"]
[White "Bulau, Andrei Cristian"]
[Black "Stefan, Mihai"]
[Result "1-0"]
[WhiteElo "2021"]
[BlackElo "1972"]
[PlyCount "45"]
[EventDate "2018.03.27"]
[EventType "swiss"]
[EventRounds "9"]
[EventCountry "ROU"]
[SourceTitle "CBM 183 Extra"]
[Source "ChessBase"]
[SourceDate "2018.04.19"]
[SourceVersion "1"]
[SourceVersionDate "2018.04.19"]
[SourceQuality "1"]

1. d4 Nf6 2. c4 g6 3. Nc3 d5 4. Nf3 Bg7 5. e3 0-0 6. Qb3 dxc4 7. Bxc4 c5 8. d5 a6 9. a4 Nbd7 10. 0-0 Ne8 11. e4 Nd6 12. Re1 Qa5 13. e5 Nxc4 14. Qxc4 b5 15. Qh4 b4 16. Ne4 c4 17. Bh6 Re8 18. Bxg7 Kxg7 19. Qf4 Rf8 20. e6 Nf6 21. Neg5 h5 22. Nxf7 Ng8 23. Qg5 1-0

[Event "ROM-ch U16"]
[Site "Baile Felix"]
[Date "2017.02.06"]
[Round "6"]
[White "Stefan, Mihai"]
[Black "Stoleriu, George"]
[Result "0-1"]
[WhiteElo "1985"]
[BlackElo "2202"]
[PlyCount "138"]
[EventDate "2017.02.02"]
[EventType "swiss"]
[EventRounds "9"]
[EventCountry "ROU"]
[SourceTitle "CBM 176 Extra"]
[Source "ChessBase"]
[SourceDate "2017.03.02"]
[SourceVersion "1"]
[SourceVersionDate "2017.03.02"]
[SourceQuality "1"]

1. d4 Nf6 2. c4 e6 3. Nc3 Bb4 4. f3 0-0 5. a3 Bxc3+ 6. bxc3 Ne8 7. e4 b6 8. Ne2 Ba6 9. Ng3 Nc6 10. Bd3 Na5 11. Qe2 c5 12. Ra2 Qh4 13. 0-0 Rc8 14. Rc2 g6 15. Be3 f5 16. exf5 exf5 17. Bf2 Qf6 18. Re1 d5 19. dxc5 bxc5 20. cxd5 c4 21. Bxf5 gxf5 22. Bxa7 Nb3 23. Qe6+ Qxe6 24. Rxe6 Bb7 25. Re5 Nd6 26. Rce2 Nc1 27. Rc2 Nd3 28. Re6 Nb5 29. Rb6 Bc6 30. dxc6 Nxa7 31. Re2 Nxc6 32. Re6 Nce5 33. Rb5 Rb8 34. Rbxe5 Rb1+ 35. Nf1 Nxe5 36. Rxe5 Rc1 37. Rc5 Rd8 38. Kf2 Rxc3 39. f4 Rc2+ 40. Ke1 Re8+ 41. Kd1 Rf2 42. Ng3 Rb8 43. Rxc4 Rb1+ 44. Rc1 Rxc1+ 45. Kxc1 Rxg2 46. Nxf5 Rxh2 47. Ne3 Re2 48. Nd5 Ra2 49. Kd1 Kf7 50. Ke1 Ke6 51. Ne3 Kd6 52. Kf1 Kc5 53. Ng4 Kd4 54. Nf6 h6 55. Kg1 Rxa3 56. Kh2 Ra6 57. Nh5 Ke4 58. Kg3 Rg6+ 59. Kh3 Kf3 60. Kh2 Kg4 61. Ng3 Ra6 62. Nf1 Ra2+ 63. Kg1 Kxf4 64. Nh2 h5 65. Nf1 h4 66. Nh2 h3 67. Nf1 Rg2+ 68. Kh1 Rf2 69. Kg1 Kf3 0-1

[Event "ROM-ch U16"]
[Site "Baile Felix"]
[Date "2017.02.02"]
[Round "1"]
[White "Stefan, Mihai"]
[Black "Apahidean, Ioan"]
[Result "1-0"]
[WhiteElo "1985"]
[BlackElo "1701"]
[PlyCount "65"]
[EventDate "2017.02.02"]
[EventType "swiss"]
[EventRounds "9"]
[EventCountry "ROU"]
[SourceTitle "CBM 176 Extra"]
[Source "ChessBase"]
[SourceDate "2017.03.02"]
[SourceVersion "1"]
[SourceVersionDate "2017.03.02"]
[SourceQuality "1"]

1. d4 Nf6 2. c4 g6 3. Nc3 Bg7 4. e4 d6 5. f4 0-0 6. Nf3 c6 7. Be2 a6 8. a4 Bg4 9. 0-0 Nbd7 10. e5 Ne8 11. h3 Bxf3 12. Bxf3 e6 13. Re1 d5 14. b3 Nc7 15. Ba3 Re8 16. Bd6 Bf8 17. c5 b5 18. b4 Rc8 19. Qd2 Nb8 20. a5 Qh4 21. Kh2 Red8 22. g4 Qh6 23. Kg3 Rd7 24. h4 Ne8 25. g5 Qg7 26. h5 Be7 27. Rh1 Qf8 28. Bg4 Ng7 29. hxg6 fxg6 30. Qh2 Bxd6 31. Qxh7+ Kf7 32. cxd6 Re8 33. Rh6 1-0

[Event "An Pasan Alcor Christmas"]
[Site "Sofia"]
[Date "2016.12.27"]
[Round "3.6"]
[White "Lenkova, Lyubomira"]
[Black "Stefan, Mihai"]
[Result "0-1"]
[WhiteElo "1259"]
[BlackElo "1893"]
[PlyCount "82"]
[EventDate "2016.12.26"]
[EventType "team-schev"]
[EventRounds "6"]
[EventCountry "BUL"]
[SourceTitle "CBM 176 Extra"]
[Source "ChessBase"]
[SourceDate "2017.03.02"]
[SourceVersion "1"]
[SourceVersionDate "2017.03.02"]
[SourceQuality "1"]
[WhiteTeam "An Pasan"]
[BlackTeam "Alcor"]
[WhiteTeamCountry "BUL"]
[BlackTeamCountry "ROU"]

1. d4 Nf6 2. c4 c5 3. d5 e6 4. Nc3 exd5 5. cxd5 d6 6. Nf3 g6 7. e4 Bg7 8. Bc4 0-0 9. 0-0 Re8 10. Re1 Nbd7 11. Bf4 Bf8 12. Qc2 a6 13. a4 Qc7 14. Nd2 Ng4 15. h3 Nge5 16. Bg3 Rb8 17. Be2 Nf6 18. Bh4 Bg7 19. f4 Ned7 20. Rac1 Nf8 21. Nc4 b5 22. axb5 axb5 23. Nd2 c4 24. b3 b4 25. Na4 c3 26. Bxf6 Bxf6 27. Nc4 Bd7 28. Rb1 Bxa4 29. bxa4 Nd7 30. Bf1 Nc5 31. a5 b3 32. Qe2 c2 33. Rbc1 Rxe4 34. Qf3 Rxe1 35. Rxe1 b2 36. Nxb2 Bxb2 37. a6 c1Q 38. Rxc1 Bxc1 39. Qg4 Nxa6 40. Bxa6 Qa7+ 41. Kh1 Qxa6 0-1

[Event "ROM-ch U14"]
[Site "Calimanesti"]
[Date "2015.04.02"]
[Round "4"]
[White "Farcadi, Hunor"]
[Black "Stefan, Mihai"]
[Result "1-0"]
[WhiteElo "1621"]
[BlackElo "1806"]
[PlyCount "93"]
[EventDate "2015.03.30"]
[EventType "swiss"]
[EventRounds "9"]
[EventCountry "ROU"]
[SourceTitle "CBM 165 Extra"]
[Source "ChessBase"]
[SourceDate "2015.04.21"]
[SourceVersion "1"]
[SourceVersionDate "2015.04.21"]
[SourceQuality "1"]

1. e4 e5 2. Nf3 Nc6 3. d4 exd4 4. Nxd4 Bc5 5. Be3 Qf6 6. c3 Nge7 7. Bc4 0-0 8. 0-0 b6 9. f4 d5 10. e5 Qh6 11. Be2 Nxe5 12. Qd2 Bxd4 13. cxd4 N5c6 14. f5 Qd6 15. g4 Re8 16. Nc3 Na5 17. Bf4 Qf6 18. Bxc7 Nec6 19. Rad1 Qe7 20. Bg3 Qd7 21. Bh4 Ne7 22. Bb5 Nac6 23. Rde1 Bb7 24. Qf4 a6 25. Bd3 Bc8 26. h3 Ra7 27. Bb1 b5 28. Re3 Qc7 29. Qxc7 Rxc7 30. Nxd5 Rd7 31. Nb6 Rdd8 32. d5 g5 33. Bxg5 f6 34. Bxf6 Kf7 35. Bxe7 Rxe7 36. Rxe7+ Nxe7 37. Nxc8 Nxc8 38. Bc2 Kf8 39. Rd1 Nb6 40. Bb3 Ke7 41. g5 Kd6 42. f6 Rg8 43. h4 Nd7 44. Bc2 h6 45. f7 Rg7 46. g6 Nf8 47. h5 1-0

[Event "ROM-ch U14"]
[Site "Calimanesti"]
[Date "2015.04.02"]
[Round "5"]
[White "Stefan, Mihai"]
[Black "Kelemen, Norbert1111"]
[Result "0-1"]
[WhiteElo "1806"]
[BlackElo "1522"]
[PlyCount "56"]
[EventDate "2015.03.30"]
[EventType "swiss"]
[EventRounds "9"]
[EventCountry "ROU"]
[SourceTitle "CBM 165 Extra"]
[Source "ChessBase"]
[SourceDate "2015.04.21"]
[SourceVersion "1"]
[SourceVersionDate "2015.04.21"]
[SourceQuality "1"]

1. e4 e5 2. Nf3 Nc6 3. Bb5 a6 4. Ba4 b5 5. Bb3 Bc5 6. 0-0 Nf6 7. c3 d6 8. d4 exd4 9. cxd4 Bb4 10. Bg5 Rb8 11. Bd5 Ne7 12. Bxf6 gxf6 13. Qb3 Nxd5 14. exd5 Ba5 15. Qa3 Bb6 16. Re1+ Kf8 17. Qe3 Kg7 18. Nh4 Rg8 19. Qf4 Kh8 20. f3 f5 21. Nc3 Qf6 22. Rad1 c5 23. dxc6 Bd8 24. c7 Bxc7 25. Nd5 Qd8 26. Nxc7 Qxc7 27. Nxf5 Qc2 28. Qxd6 Qxg2# 0-1

[Event "ROM-ch U12"]
[Site "Calimanesti"]
[Date "2014.04.09"]
[Round "5"]
[White "Stefan, Mihai"]
[Black "Nechita, Vlad Mihai"]
[Result "1-0"]
[WhiteElo "1722"]
[BlackElo "1641"]
[PlyCount "99"]
[EventDate "2014.04.06"]
[EventType "swiss"]
[EventRounds "9"]
[EventCountry "ROU"]
[SourceTitle "CBM 160 Extra"]
[Source "ChessBase"]
[SourceDate "2014.07.01"]
[SourceVersion "1"]
[SourceVersionDate "2014.07.01"]
[SourceQuality "1"]

1. e4 e5 2. Nf3 Nc6 3. Bb5 a6 4. Ba4 d6 5. 0-0 Nf6 6. Re1 Bd7 7. c3 Be7 8. d4 b5 9. Bc2 0-0 10. h3 Re8 11. Nbd2 exd4 12. cxd4 Nb4 13. Bb1 c5 14. a3 Nc6 15. Nf1 Bf8 16. e5 Nxd4 17. Nxd4 cxd4 18. exf6 Qxf6 19. Rxe8 Rxe8 20. Qd3 g6 21. Bd2 Qe5 22. Ba2 Bf5 23. Qg3 Qc5 24. Rc1 Qb6 25. Qf3 Rd8 26. Ng3 Be6 27. Bxe6 fxe6 28. Qe4 d5 29. Qg4 Bg7 30. Bb4 a5 31. Bc5 Qc6 32. b4 a4 33. Qg5 Re8 34. Bxd4 Qd7 35. Bxg7 Qxg7 36. Re1 Qc3 37. Qc1 d4 38. Qxc3 dxc3 39. Rc1 Rc8 40. Ne4 c2 41. Nc5 Kf7 42. Rxc2 h5 43. Rd2 Rc6 44. Rd7+ Kf6 45. Rb7 g5 46. Rxb5 e5 47. Ra5 g4 48. Ra6 Rxa6 49. Nxa6 gxh3 50. gxh3 1-0

[Event "ROM-ch U12"]
[Site "Calimanesti"]
[Date "2014.04.08"]
[Round "3"]
[White "Stefan, Mihai"]
[Black "Radoi, Teodor Luca"]
[Result "1-0"]
[WhiteElo "1722"]
[BlackElo "1332"]
[PlyCount "85"]
[EventDate "2014.04.06"]
[EventType "swiss"]
[EventRounds "9"]
[EventCountry "ROU"]
[SourceTitle "CBM 160 Extra"]
[Source "ChessBase"]
[SourceDate "2014.07.01"]
[SourceVersion "1"]
[SourceVersionDate "2014.07.01"]
[SourceQuality "1"]

1. e4 e5 2. Nf3 Nc6 3. Bb5 a6 4. Ba4 Nf6 5. 0-0 Be7 6. Re1 b5 7. Bb3 d6 8. c3 Na5 9. Bc2 c5 10. h3 0-0 11. d4 Qc7 12. Be3 cxd4 13. cxd4 Bb7 14. Nbd2 Qd8 15. dxe5 dxe5 16. Nxe5 Qc7 17. Nef3 Rad8 18. Rc1 Qb8 19. Bb6 Nc4 20. Bxd8 Rxd8 21. Qe2 Ne5 22. Nxe5 Qxe5 23. Nf3 Qh5 24. e5 Bxf3 25. Qxf3 Qxf3 26. gxf3 Nh5 27. Red1 Re8 28. Bb3 Nf4 29. Rc7 Nxh3+ 30. Kf1 Ng5 31. Rdd7 Bf8 32. Rxf7 Kh8 33. Rf5 h6 34. e6 Kh7 35. f4 Bd6 36. Rd7 Ne4 37. Bc2 Nd2+ 38. Ke2 Rxe6+ 39. Kxd2 Bb4+ 40. Kd3 Be7 41. Kd4 Kh8 42. Rd8+ Bxd8 43. Rf8# 1-0

[Event "ROM-ch U12"]
[Site "Calimanesti"]
[Date "2013.04.07"]
[Round "8"]
[White "Stoleriu, George"]
[Black "Stefan, Mihai"]
[Result "1/2-1/2"]
[WhiteElo "1772"]
[BlackElo "1642"]
[PlyCount "51"]
[EventDate "2013.04.02"]
[EventType "swiss"]
[EventRounds "9"]
[EventCountry "ROU"]
[SourceTitle "CBM 153 Extra"]
[Source "ChessBase"]
[SourceDate "2013.04.22"]
[SourceVersion "1"]
[SourceVersionDate "2013.04.22"]
[SourceQuality "1"]

1. e4 e5 2. Nf3 Nc6 3. Bc4 Bc5 4. c3 Nf6 5. d3 d6 6. 0-0 Bb6 7. Nbd2 0-0 8. Re1 Ne7 9. Nf1 Ng6 10. Ng3 h6 11. Bb3 Re8 12. h3 c6 13. d4 Bc7 14. Be3 d5 15. dxe5 Nxe4 16. Nxe4 dxe4 17. Qxd8 Bxd8 18. Nd2 Nxe5 19. Nxe4 Bc7 20. Bd4 Bf5 21. Ng3 Bg6 22. Rad1 Nd3 23. Rxe8+ Rxe8 24. Rd2 Re1+ 25. Kh2 Bf4 26. Rd1 1/2-1/2

[Event "ROM-ch U12"]
[Site "Calimanesti"]
[Date "2013.04.06"]
[Round "7"]
[White "Stefan, Mihai"]
[Black "Angheluta, Filip"]
[Result "1-0"]
[WhiteElo "1642"]
[BlackElo "1484"]
[PlyCount "71"]
[EventDate "2013.04.02"]
[EventType "swiss"]
[EventRounds "9"]
[EventCountry "ROU"]
[SourceTitle "CBM 153 Extra"]
[Source "ChessBase"]
[SourceDate "2013.04.22"]
[SourceVersion "1"]
[SourceVersionDate "2013.04.22"]
[SourceQuality "1"]

1. e4 e5 2. Nf3 Nc6 3. Bb5 a6 4. Ba4 Nf6 5. 0-0 Nxe4 6. d4 b5 7. Bb3 d5 8. dxe5 Be6 9. c3 Be7 10. Re1 0-0 11. Nd4 Qe8 12. a4 Nxd4 13. cxd4 h6 14. Bc2 bxa4 15. f3 Ng5 16. h4 Nh7 17. Qd3 g6 18. Bxh6 Qc6 19. Bxf8 Nxf8 20. Qc3 Qb6 21. Rd1 Bxh4 22. Bxa4 Rb8 23. b3 Nd7 24. Kf1 Nxe5 25. Qc5 Qxc5 26. dxc5 Bf6 27. Ra2 Be7 28. Nc3 Rd8 29. Rad2 Bg5 30. Rd4 Be3 31. Re4 dxe4 32. Rxd8+ Kg7 33. Nxe4 f5 34. Re8 Kf7 35. Ke2 f4 36. Ng5+ 1-0